000 00584nam a2200265Ia 4500
008 160525s9999||||xx |||||||||||||| ||und||
040 _cMarathi
082 _aXV.G/Baber
082 _bBORI-58365
100 _aDr.Sarojini Baber
245 _aSwadhyaya
300 _a180
300 _cA
300 _ePaperback
530 _bDandekar
530 _u00058365.pdf
563 _aStudy
600 _aDr.Sarojini Baber
630 _aSwadhyaya
650 _aBiography
650 _aReference
700 _aDr.Sarojini Baber
730 _aSwadhyaya
942 _cBOOK
999 _c1380947
_d1380944